[Event "Manitoba op"]
[Site "Winnipeg CAN"]
[Date "1998.05.16"]
[Round "1"]
[White "Aguilar, Alfredo"]
[Black "Lukic, Luka"]
[Result "0-1"]
[WhiteElo "1510"]
[BlackElo "1958"]
[PlyCount "44"]
[GameId "2160767911872994"]
[EventDate "1998.05.16"]
[EventType "swiss"]
[EventRounds "6"]
[EventCountry "CAN"]

1. e4 d6 2. d4 g6 3. Nf3 Bg7 4. Nc3 Nf6 5. Be3 O-O 6. Qd2 a6 7. Bc4 b5 8. Bb3 Bb7 9. d5 c5 10. a3 Nbd7 11. h4 h5 12. O-O-O Rb8 13. Rhg1 Ba8 14. Nh2 a5 15. g4 b4 16. axb4 axb4 17. Nb1 Ne5 18. gxh5 Nxh5 19. Bh6 c4 20. Ba4 c3 21. Qe3 cxb2+ 22. Kxb2 Nc4+ 0-1

[Event "Manitoba op"]
[Site "Winnipeg CAN"]
[Date "1998.05.16"]
[Round "1"]
[White "Andersen, Sune"]
[Black "Agusti, Marcos"]
[Result "1-0"]
[WhiteElo "2092"]
[BlackElo "1655"]
[PlyCount "47"]
[GameId "2160767911872995"]
[EventDate "1998.05.16"]
[EventType "swiss"]
[EventRounds "6"]
[EventCountry "CAN"]

1. e4 e6 2. d4 d5 3. Nd2 Nf6 4. e5 Nfd7 5. Bd3 c5 6. c3 Nc6 7. Ne2 Be7 8. O-O f6 9. Nf4 Nf8 10. Qh5+ Kd7 11. exf6 Bxf6 12. c4 Kc7 13. cxd5 exd5 14. Nxd5+ Kb8 15. Nxf6 gxf6 16. Ne4 a6 17. Qxc5 Ne6 18. Qc3 Rg8 19. Bc4 Ncxd4 20. Rd1 Qb6 21. Nxf6 Rg6 22. Nd5 Qc5 23. b4 Ne2+ 24. Bxe2 1-0

[Event "Manitoba op"]
[Site "Winnipeg CAN"]
[Date "1998.05.16"]
[Round "1"]
[White "Babb, Jeff"]
[Black "Williams, Brian"]
[Result "1-0"]
[WhiteElo "2224"]
[BlackElo "1717"]
[PlyCount "93"]
[GameId "2160767911872996"]
[EventDate "1998.05.16"]
[EventType "swiss"]
[EventRounds "6"]
[EventCountry "CAN"]

1. e4 e6 2. d3 d5 3. Nd2 Nf6 4. Ngf3 g6 5. g3 Bg7 6. Bg2 O-O 7. O-O Nbd7 8. Nh4 c6 9. f4 Ne8 10. Ndf3 f5 11. Ng5 Bd4+ 12. Kh1 Ng7 13. c3 Bf6 14. Be3 Bxg5 15. fxg5 Ne5 16. Bd4 Nf7 17. Bf6 Qb6 18. Qe2 Bd7 19. b4 Rfc8 20. Rab1 Qa6 21. Rfe1 Nh5 22. e5 b5 23. d4 Qb7 24. g4 fxg4 25. Qxg4 a5 26. a3 axb4 27. axb4 Ra3 28. Rbc1 Rca8 29. Qd1 Ra2 30. Rc2 Ra1 31. Qxa1 Rxa1 32. Rxa1 Nxf6 33. gxf6 Kf8 34. Rca2 Ke8 35. Ra7 Qb6 36. R1a6 Qd8 37. Ra8 Bc8 38. Rxc6 Kd7 39. Rcxc8 Qxc8 40. Rxc8 Kxc8 41. Bf1 Kd8 42. Bxb5 Ng5 43. Bd3 Nf7 44. Kg2 g5 45. Nf3 h6 46. Bg6 Nh8 47. Bh5 1-0

[Event "Manitoba op"]
[Site "Winnipeg CAN"]
[Date "1998.05.16"]
[Round "1"]
[White "Costales, Servillano"]
[Black "Kaptsan, Aron"]
[Result "0-1"]
[WhiteElo "1742"]
[BlackElo "2252"]
[PlyCount "76"]
[GameId "2160767911872997"]
[EventDate "1998.05.16"]
[EventType "swiss"]
[EventRounds "6"]
[EventCountry "CAN"]

1. e4 e5 2. Nf3 Nc6 3. Nc3 Nf6 4. d3 Be7 5. Be2 O-O 6. h3 d5 7. exd5 Nxd5 8. Nxd5 Qxd5 9. O-O Bf5 10. a3 h6 11. Nh2 Rad8 12. Bg4 Bh7 13. Qe1 Bd6 14. Be2 Nd4 15. Bd1 Rfe8 16. f3 Qc6 17. Qd2 Bc5 18. Kh1 Nf5 19. Qe1 Qd6 20. g4 Nd4 21. a4 a6 22. Qg3 Ne6 23. h4 Nf4 24. Re1 Qd4 25. Nf1 Bd6 26. Ra2 Qd5 27. Ra1 Qc6 28. Be3 Nd5 29. Qf2 Nxe3 30. Qxe3 Bc5 31. Qc1 Bf2 32. Qd2 Bxh4 33. Re2 Qxf3+ 34. Kg1 Bg5 35. Qe1 Qxg4+ 36. Rg2 Qd4+ 37. Kh1 e4 38. Re2 Qxb2 0-1

[Event "Manitoba op"]
[Site "Winnipeg CAN"]
[Date "1998.05.16"]
[Round "1"]
[White "Gentes, Kevin"]
[Black "Plocek, Jaroslav"]
[Result "1-0"]
[WhiteElo "2374"]
[BlackElo "1760"]
[PlyCount "63"]
[GameId "2160767911872998"]
[EventDate "1998.05.16"]
[EventType "swiss"]
[EventRounds "6"]
[EventCountry "CAN"]

1. e4 e5 2. Nf3 Nc6 3. Bb5 a6 4. Ba4 Nf6 5. O-O b5 6. Bb3 Be7 7. Re1 O-O 8. c3 d6 9. h3 Be6 10. d4 exd4 11. cxd4 Bxb3 12. axb3 b4 13. Nbd2 Re8 14. Qc2 Qd7 15. d5 Ne5 16. Nxe5 dxe5 17. Nc4 Bf8 18. Na5 c5 19. dxc6 Qc7 20. Bg5 Re6 21. Red1 Rd6 22. Rxd6 Bxd6 23. Bxf6 gxf6 24. Nb7 Ra7 25. Nxd6 Qxd6 26. Rd1 Qe7 27. Qc4 a5 28. Qb5 Kg7 29. Rd7 Rxd7 30. cxd7 Qd8 31. Qc6 Kf8 32. Qc5+ 1-0

[Event "Manitoba op"]
[Site "Winnipeg CAN"]
[Date "1998.05.16"]
[Round "1"]
[White "Gibbons, Michael"]
[Black "Milord, Frank"]
[Result "1-0"]
[WhiteElo "2038"]
[BlackElo "1614"]
[PlyCount "39"]
[GameId "2160767911872999"]
[EventDate "1998.05.16"]
[EventType "swiss"]
[EventRounds "6"]
[EventCountry "CAN"]

1. Nf3 d5 2. b3 Nf6 3. Bb2 g6 4. e3 Bg7 5. c4 c6 6. Nc3 O-O 7. d4 Nbd7 8. Bd3 Re8 9. O-O e5 10. dxe5 Ng4 11. cxd5 Ndxe5 12. Nxe5 Bxe5 13. g3 cxd5 14. Bb5 Rf8 15. Rc1 Qb6 16. Be2 Nxe3 17. fxe3 Qxe3+ 18. Kh1 Bf5 19. Rxf5 gxf5 20. Nxd5 1-0

[Event "Manitoba op"]
[Site "Winnipeg CAN"]
[Date "1998.05.16"]
[Round "1"]
[White "Rasmussen, Barry"]
[Black "Piche, Jeremie"]
[Result "1-0"]
[WhiteElo "2241"]
[BlackElo "1687"]
[PlyCount "49"]
[GameId "2160767911873000"]
[EventDate "1998.05.16"]
[EventType "swiss"]
[EventRounds "6"]
[EventCountry "CAN"]

1. e4 c5 2. Nc3 Nc6 3. f4 d6 4. Nf3 g6 5. Bc4 Bg7 6. O-O e6 7. Qe1 Nge7 8. d3 O-O 9. Qh4 Nd4 10. Nxd4 Bxd4+ 11. Kh1 Nc6 12. Qg3 a6 13. f5 Bg7 14. Bg5 Be5 15. Qh4 Qc7 16. f6 h5 17. Bh6 Re8 18. Bg7 b5 19. Qg5 Bxf6 20. Bxf6 Kh7 21. Bb3 Ne5 22. Rf4 Nd7 23. Bd8 Qxd8 24. Rxf7+ Kg8 25. Qxg6+ 1-0

[Event "Manitoba op"]
[Site "Winnipeg CAN"]
[Date "1998.05.16"]
[Round "1"]
[White "Roque, Rodolfo"]
[Black "Syrnick, Zenon"]
[Result "1-0"]
[WhiteElo "1982"]
[BlackElo "1574"]
[PlyCount "47"]
[GameId "2160767911873001"]
[EventDate "1998.05.16"]
[EventType "swiss"]
[EventRounds "6"]
[EventCountry "CAN"]

1. e4 c5 2. Nf3 Nc6 3. Be2 g6 4. O-O Bg7 5. d3 d6 6. c3 Nf6 7. Qc2 O-O 8. Nbd2 Qc7 9. b3 Bd7 10. Bb2 Rac8 11. Rfe1 Rfd8 12. Nf1 b6 13. Ne3 b5 14. Nd5 Nxd5 15. exd5 Ne5 16. c4 Nxf3+ 17. Bxf3 Be8 18. Bg4 Rb8 19. Bxg7 Kxg7 20. Re3 b4 21. Rae1 Rb7 22. Qd2 a5 23. Rh3 h5 24. Rxh5 1-0

[Event "Manitoba op"]
[Site "Winnipeg CAN"]
[Date "1998.05.16"]
[Round "1"]
[White "Sekhar, Ganesan"]
[Black "Tetrault, Robert"]
[Result "1-0"]
[WhiteElo "1940"]
[BlackElo "1570"]
[PlyCount "91"]
[GameId "2160767911873002"]
[EventDate "1998.05.16"]
[EventType "swiss"]
[EventRounds "6"]
[EventCountry "CAN"]

1. c4 c5 2. Nc3 Nc6 3. g3 b6 4. Bg2 Bb7 5. Nf3 e6 6. O-O Rb8 7. d4 Nf6 8. d5 exd5 9. cxd5 Nd4 10. Nxd4 cxd4 11. Qxd4 Bc5 12. Qe5+ Kf8 13. Bg5 d6 14. Qf5 Bd4 15. Qd3 Bxc3 16. bxc3 h6 17. Bd2 Qc8 18. Rac1 h5 19. e4 h4 20. c4 Nd7 21. gxh4 Rxh4 22. Qg3 Rh7 23. Qxd6+ Kg8 24. Bf4 Ba6 25. Rc3 Bxc4 26. Rxc4 Qxc4 27. Qxd7 Ra8 28. Rc1 Qa6 29. Bf1 Qa3 30. Rc8+ Rxc8 31. Qxc8+ Qf8 32. Qxf8+ Kxf8 33. Bb8 Rh4 34. Bxa7 Rxe4 35. Bxb6 Ke7 36. Bc5+ Kd7 37. Bb5+ Kc8 38. a4 Re5 39. Bc6 f5 40. Kg2 Re4 41. a5 Rc4 42. Bb6 f4 43. a6 g5 44. a7 f3+ 45. Kxf3 g4+ 46. Kg2 1-0

[Event "Manitoba op"]
[Site "Winnipeg CAN"]
[Date "1998.05.16"]
[Round "1"]
[White "Taylor, Gordon2"]
[Black "Langner, David"]
[Result "0-1"]
[WhiteElo "1635"]
[BlackElo "2242"]
[PlyCount "48"]
[GameId "2160767911873003"]
[EventDate "1998.05.16"]
[EventType "swiss"]
[EventRounds "6"]
[EventCountry "CAN"]

1. c4 e5 2. Nc3 Nc6 3. g3 g6 4. Bg2 d6 5. e3 Bg7 6. Nge2 f5 7. O-O Nf6 8. d4 O-O 9. Bxc6 bxc6 10. dxe5 dxe5 11. Qc2 Qe8 12. b3 g5 13. Ba3 Qh5 14. f3 Re8 15. Rad1 e4 16. g4 Qh3 17. gxf5 exf3 18. Ng3 Rxe3 19. Bc1 Re2 20. Rd8+ Kf7 21. Qxe2 fxe2 22. Re1 Ng4 23. Rxe2 Bxc3 24. Bxg5 Bxf5 0-1

[Event "Manitoba op"]
[Site "Winnipeg CAN"]
[Date "1998.05.16"]
[Round "1"]
[White "Xia, Yanchong"]
[Black "Cowdrey, Eric"]
[Result "0-1"]
[WhiteElo "1323"]
[BlackElo "1817"]
[PlyCount "68"]
[GameId "2160767911873005"]
[EventDate "1998.05.16"]
[EventType "swiss"]
[EventRounds "6"]
[EventCountry "CAN"]

1. e4 c6 2. d4 d5 3. Nc3 dxe4 4. Nxe4 Nd7 5. Nf3 Ngf6 6. Nxf6+ Nxf6 7. Bc4 e6 8. O-O Qc7 9. Re1 Bd6 10. Ne5 Bxe5 11. Rxe5 Bd7 12. Bf4 Qb6 13. Qd2 Qxb2 14. Ree1 b5 15. Rab1 Qa3 16. Re3 Qe7 17. Bd3 Nd5 18. Rg3 Nxf4 19. Qxf4 g6 20. a4 a6 21. c4 O-O 22. cxb5 axb5 23. axb5 cxb5 24. h3 b4 25. Qd2 Rfb8 26. Be4 Ra6 27. Rd3 Bc6 28. Bxc6 Rxc6 29. d5 exd5 30. Rxd5 b3 31. Rd3 Rc2 32. Qf4 Rb4 33. Qf3 b2 34. Qd1 Qc5 0-1

[Event "Manitoba op"]
[Site "Winnipeg CAN"]
[Date "1998.05.16"]
[Round "2"]
[White "Cyncore, Dauwyn"]
[Black "Rasmussen, Barry"]
[Result "0-1"]
[WhiteElo "1925"]
[BlackElo "2241"]
[PlyCount "42"]
[GameId "2160767911873006"]
[EventDate "1998.05.16"]
[EventType "swiss"]
[EventRounds "6"]
[EventCountry "CAN"]

1. e4 c5 2. Nf3 e6 3. d4 cxd4 4. Nxd4 Nf6 5. Bd3 Nc6 6. Nxc6 bxc6 7. e5 Qa5+ 8. Nc3 Qxe5+ 9. Qe2 Qxe2+ 10. Nxe2 Bc5 11. Bd2 O-O 12. O-O d5 13. b4 Bb6 14. c4 e5 15. c5 Bc7 16. f3 Nd7 17. g4 a5 18. Rfe1 e4 19. Bc2 exf3 20. Nf4 axb4 21. Nd3 Nf6 0-1

[Event "Manitoba op"]
[Site "Winnipeg CAN"]
[Date "1998.05.16"]
[Round "2"]
[White "Kuryliw, Ray"]
[Black "Babb, Jeff"]
[Result "1/2-1/2"]
[WhiteElo "1887"]
[BlackElo "2224"]
[PlyCount "38"]
[GameId "2160767911873007"]
[EventDate "1998.05.16"]
[EventType "swiss"]
[EventRounds "6"]
[EventCountry "CAN"]

1. e4 d6 2. f4 g6 3. g3 Bg7 4. Bg2 e5 5. d3 exf4 6. Nc3 fxg3 7. hxg3 Nc6 8. Nge2 Bg4 9. Be3 h5 10. Qd2 Ne5 11. O-O-O c6 12. Rdf1 Qa5 13. Nd4 b5 14. Qf2 Nh6 15. Kb1 b4 16. Bxh6 Bxh6 17. Nxc6 Nxc6 18. Qxf7+ Kd8 19. Nd5 Kc8 1/2-1/2

[Event "Manitoba op"]
[Site "Winnipeg CAN"]
[Date "1998.05.16"]
[Round "2"]
[White "Langner, David"]
[Black "Sekhar, Ganesan"]
[Result "1-0"]
[WhiteElo "2242"]
[BlackElo "1940"]
[PlyCount "49"]
[GameId "2160767911873009"]
[EventDate "1998.05.16"]
[EventType "swiss"]
[EventRounds "6"]
[EventCountry "CAN"]

1. e4 e5 2. f4 exf4 3. Nf3 Nf6 4. e5 Nh5 5. Qe2 Be7 6. d4 O-O 7. g4 fxg3 8. hxg3 Nxg3 9. Qh2 Nxh1 10. Bd3 g6 11. Bh6 d5 12. Nbd2 Bg4 13. O-O-O f5 14. Rxh1 Nd7 15. Ng5 Rf7 16. e6 Bxg5 17. exf7+ Kxf7 18. Bxg5 Qxg5 19. Qxc7 Qd8 20. Rxh7+ Ke6 21. Qf4 Rc8 22. Bb5 Rc6 23. Bxc6 bxc6 24. Nb3 Qf6 25. Qc7 1-0

[Event "Manitoba op"]
[Site "Winnipeg CAN"]
[Date "1998.05.16"]
[Round "2"]
[White "Lukic, Luka"]
[Black "Gentes, Kevin"]
[Result "0-1"]
[WhiteElo "1958"]
[BlackElo "2374"]
[PlyCount "70"]
[GameId "2160767911873010"]
[EventDate "1998.05.16"]
[EventType "swiss"]
[EventRounds "6"]
[EventCountry "CAN"]

1. d4 Nf6 2. c4 g6 3. Nc3 Bg7 4. e4 O-O 5. Be2 d6 6. Nf3 Nbd7 7. O-O e5 8. dxe5 dxe5 9. Qc2 c6 10. b3 Re8 11. Ba3 Nh5 12. Rfd1 Nf4 13. Bf1 Ne6 14. Na4 Nd4 15. Qd3 b6 16. Bb2 Nc5 17. Nxc5 bxc5 18. Bxd4 cxd4 19. Ne1 c5 20. Nc2 Qe7 21. Qd2 a5 22. a4 Qb7 23. Qd3 f5 24. f3 Bh6 25. Na3 Ra6 26. Be2 Rf8 27. Rf1 Rb6 28. Nb5 Be3+ 29. Kh1 Qg7 30. Qd1 Bb7 31. Qc2 Rbf6 32. exf5 gxf5 33. g3 Rh6 34. Rae1 Qxg3 35. Bd1 Kh8 0-1

[Event "Manitoba op"]
[Site "Winnipeg CAN"]
[Date "1998.05.16"]
[Round "2"]
[White "Walker, Erin"]
[Black "Roque, Rodolfo"]
[Result "0-1"]
[WhiteElo "1775"]
[BlackElo "1982"]
[PlyCount "72"]
[GameId "2160767911873012"]
[EventDate "1998.05.16"]
[EventType "swiss"]
[EventRounds "6"]
[EventCountry "CAN"]

1. e4 d5 2. exd5 Nf6 3. d4 e6 4. Nf3 exd5 5. Bg5 Be6 6. Bd3 Be7 7. O-O O-O 8. Re1 Nbd7 9. Nbd2 c5 10. c4 b6 11. Rc1 h6 12. Bf4 Nh5 13. Be5 Nhf6 14. Bf4 Nh5 15. Be5 Ndf6 16. h3 Bd6 17. Nb3 Nf4 18. Bxf4 Bxf4 19. Rc2 g5 20. dxc5 g4 21. hxg4 Nxg4 22. Nfd4 Qh4 23. Nxe6 fxe6 24. g3 Qh2+ 25. Kf1 Qh1+ 26. Ke2 Qg2 27. Bh7+ Kxh7 28. Qd3+ Kg7 29. gxf4 Rxf4 30. cxd5 Nxf2 31. Qc3+ Kg8 32. dxe6 Rd8 33. Nd2 Ne4+ 34. Kd1 Nxc3+ 35. bxc3 Rf2 36. e7 Rfxd2+ 0-1

[Event "Manitoba op"]
[Site "Winnipeg CAN"]
[Date "1998.05.16"]
[Round "3"]
[White "Andersen, Sune"]
[Black "Shpan, Mike"]
[Result "1-0"]
[WhiteElo "2092"]
[BlackElo "1796"]
[PlyCount "59"]
[GameId "2160767911873013"]
[EventDate "1998.05.16"]
[EventType "swiss"]
[EventRounds "6"]
[EventCountry "CAN"]

1. e4 Nc6 2. Nf3 e5 3. Bc4 Nf6 4. Ng5 d5 5. exd5 Na5 6. Bb5+ c6 7. dxc6 Nxc6 8. Qf3 Qc7 9. Nc3 h6 10. Nge4 Be7 11. Nxf6+ gxf6 12. Nd5 Qd6 13. Nxe7 Kxe7 14. c3 Nd8 15. b3 Be6 16. a4 Bd5 17. Qf5 Ne6 18. Ba3 Nc5 19. d4 exd4 20. cxd4 Qe6+ 21. Qxe6+ Kxe6 22. Bxc5 Bxg2 23. Rg1 Bd5 24. Kd2 Kf5 25. Rae1 Rhd8 26. Be7 Bxb3 27. Bd3+ Kf4 28. Re4+ Kf5 29. Re5+ Kf4 30. Rf5# 1-0

[Event "Manitoba op"]
[Site "Winnipeg CAN"]
[Date "1998.05.16"]
[Round "3"]
[White "Gentes, Kevin"]
[Black "Gibbons, Michael"]
[Result "1-0"]
[WhiteElo "2374"]
[BlackElo "2038"]
[PlyCount "105"]
[GameId "2160767911873014"]
[EventDate "1998.05.16"]
[EventType "swiss"]
[EventRounds "6"]
[EventCountry "CAN"]

1. c4 Nf6 2. g3 e5 3. Bg2 Nc6 4. Nc3 d6 5. d3 Be7 6. Rb1 a5 7. Nf3 h6 8. Nd5 Be6 9. Nxe7 Nxe7 10. O-O Qd7 11. Re1 Rd8 12. b3 O-O 13. Bb2 c6 14. c5 Ng6 15. Qc2 Rfe8 16. Bc3 dxc5 17. Bxa5 Ra8 18. Bb6 Nd5 19. Bxc5 b6 20. Be3 Nb4 21. Qd2 c5 22. a4 f5 23. Qb2 Rab8 24. Rec1 f4 25. Bd2 Nc6 26. Bc3 Nd4 27. Bxd4 exd4 28. Nd2 Bh3 29. Ne4 Bxg2 30. Kxg2 Qg4 31. f3 Qd7 32. b4 cxb4 33. Qxb4 Ne5 34. Qb5 fxg3 35. hxg3 Ra8 36. Qxd7 Nxd7 37. Rc7 Nc5 38. Rxb6 Nxe4 39. fxe4 Rxa4 40. Rg6 Ra2 41. Rgxg7+ Kh8 42. Rh7+ Kg8 43. Rcg7+ Kf8 44. Kf2 Re6 45. Ra7 Rf6+ 46. Ke1 Rxa7 47. Rxa7 Ke8 48. Ra5 Rd6 49. Rd5 Rxd5 50. exd5 Kd7 51. Kf2 Kd6 52. Kf3 Kxd5 53. Kf4 1-0

[Event "Manitoba op"]
[Site "Winnipeg CAN"]
[Date "1998.05.16"]
[Round "3"]
[White "Huggan, Philip"]
[Black "Piche, Jeremie"]
[Result "1/2-1/2"]
[WhiteElo "1538"]
[BlackElo "1687"]
[PlyCount "58"]
[GameId "2160767911873015"]
[EventDate "1998.05.16"]
[EventType "swiss"]
[EventRounds "6"]
[EventCountry "CAN"]

1. e4 c5 2. f4 d6 3. Nf3 Nc6 4. Bc4 e6 5. O-O g6 6. f5 exf5 7. exf5 Bxf5 8. d4 Bg7 9. dxc5 h6 10. cxd6 Qb6+ 11. Kh1 O-O-O 12. c3 Rd7 13. Re1 Nf6 14. Be3 Qxb2 15. Nbd2 Qxc3 16. Rc1 Qa5 17. Nb3 Qd8 18. Nfd4 Rxd6 19. Bxf7 Ng4 20. Nxc6 Rxc6 21. Rxc6+ bxc6 22. Bxg6 Qxd1 23. Bxf5+ Kc7 24. Rxd1 Nxe3 25. Rd7+ Kb6 26. Rxg7 Nxf5 27. Rg6 Re8 28. h3 Re1+ 29. Kh2 Re2 1/2-1/2

[Event "Manitoba op"]
[Site "Winnipeg CAN"]
[Date "1998.05.16"]
[Round "3"]
[White "Roque, Rodolfo"]
[Black "Langner, David"]
[Result "1/2-1/2"]
[WhiteElo "1982"]
[BlackElo "2242"]
[PlyCount "87"]
[GameId "2160767911873016"]
[EventDate "1998.05.16"]
[EventType "swiss"]
[EventRounds "6"]
[EventCountry "CAN"]

1. e4 c5 2. Bc4 e6 3. Nc3 Nc6 4. Nf3 a6 5. a4 d6 6. d4 cxd4 7. Nxd4 Nf6 8. O-O Be7 9. Re1 O-O 10. Nxc6 bxc6 11. Bd3 e5 12. a5 Nd7 13. Qh5 Nc5 14. Bf1 g6 15. Qd1 Rb8 16. Re3 Bg5 17. Rg3 Bf4 18. b3 Bxg3 19. hxg3 Ne6 20. Be3 Qe7 21. Bc4 Re8 22. Qd2 Nd4 23. Bg5 Qc7 24. Bf6 Re6 25. Bxe6 fxe6 26. g4 Qf7 27. g5 c5 28. Na4 Bd7 29. Nb6 Bb5 30. Re1 Rf8 31. Re3 Qc7 32. c4 Bc6 33. Qd1 Rxf6 34. gxf6 Qf7 35. Qd3 Qxf6 36. Re1 Qh4 37. Re3 Qg4 38. Na4 Qg5 39. Nc3 Qd8 40. Ne2 Qxa5 41. Nxd4 Qa1+ 42. Kh2 exd4 43. Re2 Qc1 44. Qg3 1/2-1/2

[Event "Manitoba op"]
[Site "Winnipeg CAN"]
[Date "1998.05.16"]
[Round "3"]
[White "Schulz, Waldemar"]
[Black "Kaptsan, Aron"]
[Result "1/2-1/2"]
[WhiteElo "2008"]
[BlackElo "2252"]
[PlyCount "45"]
[GameId "2160767911873017"]
[EventDate "1998.05.16"]
[EventType "swiss"]
[EventRounds "6"]
[EventCountry "CAN"]

1. Nf3 d5 2. g3 g6 3. Bg2 Bg7 4. d4 Nf6 5. O-O O-O 6. c4 c6 7. Nc3 dxc4 8. Ne5 Nbd7 9. Nxc4 Nb6 10. Ne5 Be6 11. a4 a5 12. e3 Qc7 13. Bd2 Nc4 14. Nxc4 Bxc4 15. Re1 e5 16. dxe5 Qxe5 17. Qc2 Qe6 18. Ra3 Rfd8 19. Nb1 Bf8 20. Rc3 Ba2 21. b3 Bxb1 22. Rxb1 Nd5 23. Rd3 1/2-1/2

[Event "Manitoba op"]
[Site "Winnipeg CAN"]
[Date "1998.05.16"]
[Round "3"]
[White "Sekhar, Ganesan"]
[Black "Aguilar, Alfredo"]
[Result "1-0"]
[WhiteElo "1940"]
[BlackElo "1510"]
[PlyCount "59"]
[GameId "2160767911873018"]
[EventDate "1998.05.16"]
[EventType "swiss"]
[EventRounds "6"]
[EventCountry "CAN"]

1. c4 c5 2. Nc3 Nf6 3. g3 d5 4. cxd5 Nxd5 5. Bg2 Nxc3 6. bxc3 e6 7. Nf3 Nc6 8. O-O Be7 9. Rb1 Rb8 10. d4 O-O 11. Bf4 Ra8 12. e4 cxd4 13. cxd4 Bf6 14. e5 Be7 15. Qa4 Bd7 16. Rxb7 Nxe5 17. Qb3 Nc6 18. Ne5 Nxe5 19. Bxe5 a6 20. Rc1 Rc8 21. Rcc7 Rxc7 22. Rxc7 Bb5 23. Bh3 Bf6 24. Qe3 Bg5 25. Qa3 Be7 26. Qxe7 Qd5 27. Bxe6 Qxe6 28. Qxe6 fxe6 29. Rxg7+ Kh8 30. Rg5+ 1-0

[Event "Manitoba op"]
[Site "Winnipeg CAN"]
[Date "1998.05.16"]
[Round "3"]
[White "Tetrault, Charles"]
[Black "Cyncore, Dauwyn"]
[Result "0-1"]
[WhiteElo "1570"]
[BlackElo "1925"]
[PlyCount "88"]
[GameId "2160767911873019"]
[EventDate "1998.05.16"]
[EventType "swiss"]
[EventRounds "6"]
[EventCountry "CAN"]

1. e4 c5 2. Nc3 Nc6 3. Bc4 g6 4. f4 d6 5. Nf3 Bg7 6. O-O e6 7. Qe1 a6 8. a4 Nge7 9. d3 O-O 10. f5 d5 11. exd5 exd5 12. Bb3 Bxf5 13. Qf2 b6 14. Bg5 Qd7 15. Rab1 f6 16. Bd2 Be6 17. Rfe1 Bf7 18. Ne2 a5 19. c3 Rad8 20. Rbd1 g5 21. d4 c4 22. Bc2 Bg6 23. Bxg6 Nxg6 24. h3 Nce7 25. Ra1 h6 26. Nh2 f5 27. Ng3 Rde8 28. Nhf1 f4 29. Nh5 Nf5 30. Nh2 Nd6 31. Ng4 Ne4 32. Qe2 Kh8 33. Nxg7 Kxg7 34. Nf2 Nxc3 35. Qg4 Qxg4 36. Nxg4 Ne4 37. Bc3 h5 38. Nh2 Nh4 39. Nf1 f3 40. gxf3 Nxf3+ 41. Kg2 Nxe1+ 42. Bxe1 Kg6 43. Ng3 Nxg3 44. Bxg3 Re2+ 0-1

[Event "Manitoba op"]
[Site "Winnipeg CAN"]
[Date "1998.05.16"]
[Round "3"]
[White "Walker, Sean"]
[Black "Penner, Wesley"]
[Result "0-1"]
[WhiteElo "1452"]
[BlackElo "1791"]
[PlyCount "82"]
[GameId "2160767911873021"]
[EventDate "1998.05.16"]
[EventType "swiss"]
[EventRounds "6"]
[EventCountry "CAN"]

1. f4 b6 2. Nf3 Bb7 3. e3 e6 4. b3 Nf6 5. Bb2 g6 6. Bd3 Bg7 7. O-O O-O 8. Qe1 c5 9. h3 Nc6 10. g4 Nb4 11. Qg3 Nxd3 12. cxd3 Ne4 13. Qe1 Bxb2 14. dxe4 Bxa1 15. d4 cxd4 16. exd4 Rc8 17. Rf2 Qc7 18. Qe2 Qxf4 19. Kg2 Qxe4 20. Qd1 Bxd4 21. Rf1 Qc2+ 22. Kg3 Qc7+ 23. Kg2 Qf4 24. Nbd2 Be5 25. Kf2 Qg3+ 26. Ke3 Rc3+ 27. Ke2 Ba6+ 28. Nc4 Rxc4 29. bxc4 Bxc4+ 30. Kd2 Bf4+ 31. Kc2 Bxf1 32. Qxf1 Rc8+ 33. Kd3 d5 34. Kd4 Rc4+ 35. Kd3 e5 36. Ke2 Re4+ 37. Kd1 Re3 38. Kc2 Qxf3 39. Qg1 Rc3+ 40. Kb1 Qd3+ 41. Kb2 Rc2+ 0-1

[Event "Manitoba op"]
[Site "Winnipeg CAN"]
[Date "1998.05.17"]
[Round "3"]
[White "Babb, Jeff"]
[Black "Khedkar, Jay"]
[Result "1-0"]
[WhiteElo "2224"]
[BlackElo "1981"]
[PlyCount "51"]
[GameId "2160767911873022"]
[EventDate "1998.05.16"]
[EventType "swiss"]
[EventRounds "6"]
[EventCountry "CAN"]

1. e4 c5 2. Nc3 e6 3. g3 d6 4. Bg2 Nf6 5. d3 Nc6 6. f4 Be7 7. Nf3 O-O 8. O-O Qc7 9. Nh4 Nd4 10. Be3 Rb8 11. Kh1 b5 12. a3 a5 13. Ne2 Ng4 14. Bg1 Nxe2 15. Qxe2 Bxh4 16. Qxg4 Bf6 17. c3 b4 18. axb4 axb4 19. Rfc1 bxc3 20. bxc3 Bd7 21. Qe2 Rb3 22. d4 Bb5 23. Qc2 Bc4 24. e5 Be7 25. exd6 Bxd6 26. Ra4 1-0

[Event "Manitoba op"]
[Site "Winnipeg CAN"]
[Date "1998.05.17"]
[Round "3"]
[White "Kuryliw, Ray"]
[Black "Waissbluth, Boris"]
[Result "0-1"]
[WhiteElo "1887"]
[BlackElo "2118"]
[PlyCount "76"]
[GameId "2160767911873023"]
[EventDate "1998.05.16"]
[EventType "swiss"]
[EventRounds "6"]
[EventCountry "CAN"]

1. e4 c5 2. Nc3 Nc6 3. g3 g6 4. Bg2 Bg7 5. d3 e6 6. Nge2 Nge7 7. Be3 d6 8. Qd2 Nd4 9. O-O O-O 10. f4 Rb8 11. h3 b5 12. Rab1 Nec6 13. g4 b4 14. Nd1 Nxe2+ 15. Qxe2 Nd4 16. Qd2 f5 17. exf5 exf5 18. Bd5+ Kh8 19. g5 Bb7 20. Bxb7 Rxb7 21. c3 Nc6 22. cxb4 Nxb4 23. Nc3 Re8 24. Rfe1 Rbe7 25. Bf2 Rxe1+ 26. Rxe1 Rxe1+ 27. Bxe1 d5 28. a3 Nc6 29. Qg2 Ne7 30. Qe2 d4 31. Nd1 Nd5 32. Bd2 Qd7 33. Kf2 Kg8 34. Kg3 Kf7 35. b4 cxb4 36. Bxb4 Qc7 37. Qd2 Nxf4 38. Kh4 Ng2+ 0-1

[Event "Manitoba op"]
[Site "Winnipeg CAN"]
[Date "1998.05.17"]
[Round "4"]
[White "Costales, Servillano"]
[Black "Cowdrey, Eric"]
[Result "1/2-1/2"]
[WhiteElo "1742"]
[BlackElo "1817"]
[PlyCount "138"]
[GameId "2160767911873024"]
[EventDate "1998.05.16"]
[EventType "swiss"]
[EventRounds "6"]
[EventCountry "CAN"]

1. e4 c6 2. Nf3 d5 3. Nc3 dxe4 4. Nxe4 Nd7 5. d4 Ngf6 6. Bd3 Nxe4 7. Bxe4 Nf6 8. Bd3 Bg4 9. c3 e6 10. O-O Be7 11. h3 Bh5 12. Be2 h6 13. Ne5 Bxe2 14. Qxe2 O-O 15. f4 c5 16. Be3 cxd4 17. Bxd4 Qc7 18. Kh1 Bc5 19. Rad1 Bxd4 20. Rxd4 Rfd8 21. Rfd1 Rxd4 22. Rxd4 Rd8 23. Qd3 Rxd4 24. Qxd4 b6 25. Kg1 Ne8 26. Kf2 Qd6 27. Ke3 Qxd4+ 28. Kxd4 f6 29. Nc6 a6 30. Nd8 Nc7 31. c4 Kf8 32. a4 Ke7 33. Nc6+ Kd6 34. Nb4 e5+ 35. fxe5+ fxe5+ 36. Kc3 a5 37. Nd3 Ne6 38. b4 e4 39. Ne1 Ke5 40. g3 g5 41. Nc2 h5 42. Ne3 Nc7 43. bxa5 bxa5 44. c5 Nd5+ 45. Kd2 Nxe3 46. Kxe3 Kd5 47. c6 Kxc6 48. Kxe4 Kc5 49. Kf5 Kb4 50. Kxg5 Kxa4 51. Kxh5 Kb4 52. g4 a4 53. g5 a3 54. g6 a2 55. g7 a1=Q 56. g8=Q Qe5+ 57. Kh4 Qf6+ 58. Qg5 Qf2+ 59. Qg3 Qf6+ 60. Kg4 Qg6+ 61. Kf3 Qxg3+ 62. Kxg3 Kc5 63. Kg4 Kd6 64. Kg5 Ke7 65. Kg6 Kf8 66. Kh7 Kf7 67. h4 Kf8 68. h5 Kf7 69. Kh8 Kf8 1/2-1/2